=LDR 00000nam 2200000 4500 =001 INLIS000000000034427 =005 20201120090557 =035 ##$$a 0010-061300000034427 =008 201120################g##########0#ind## =041 ##$$a ind =082 ##$$a 307.72 =090 ##$$a 307.72, Men m =245 ##$$a Mengenal masyarakat nelayan =250 ##$$a cet.1 =260 ##$$a Ceribon :$b Gunung Djati,$c 2008 =300 ##$$a vi,57 hlm., Ilus., 25 cm ; $c 25 x 17 cm =650 #4$$a Masyarakat Nelayan =850 ##$$a NBPNMAT =020 ##$$a 978-979-1979-62-7 =084 ##$$a 307.72 MEN =700 #$$a Penyunting, Tim Gunung Djati =990 ##$$a 21008659 =990 ##$$a 21006660 =990 ##$$a 1201001158 =990 ##$$a 21008657